¡Te lo regalo! / (Registro nro. 3497)

Detalles MARC
000 -LEADER
fixed length control field 00762nam a2200229Ia 4500
003 - CONTROL NUMBER IDENTIFIER
control field OSt
005 - DATE AND TIME OF LATEST TRANSACTION
control field 20200903114007.0
008 - FIXED-LENGTH DATA ELEMENTS--GENERAL INFORMATION
fixed length control field 191128t2010 bl a gr 000 j spa d
020 ## - INTERNATIONAL STANDARD BOOK NUMBER
International Standard Book Number 9789587154283
040 ## - CATALOGING SOURCE
Original cataloging agency CO-JMCR
Transcribing agency CO-JMCR
041 ## - LANGUAGE CODE
Language code of text/sound track or separate title spa
082 04 - DEWEY DECIMAL CLASSIFICATION NUMBER
Classification number C /
Item number STRt
100 1# - MAIN ENTRY--PERSONAL NAME
Personal name Strada, Annalisa
9 (RLIN) 9698
245 10 - TITLE STATEMENT
Title ¡Te lo regalo! /
Statement of responsibility, etc. Annalisa Strada ; traductor Luis Alberto González Romero
250 ## - EDITION STATEMENT
Edition statement Primer edición
260 ## - PUBLICATION, DISTRIBUTION, ETC.
Place of publication, distribution, etc. San Pablo :
Name of publisher, distributor, etc. Sanpablo,
Date of publication, distribution, etc. ©2010
300 ## - PHYSICAL DESCRIPTION
Extent 63 páginas :
Other physical details ilustraciones ;
Dimensions 16 cm.
520 ## - SUMMARY, ETC.
Summary, etc. ¿Qué hacer cuando prefieres dar en lugar de recibir y hay alguien que te toma por un perdedor?
650 14 - SUBJECT ADDED ENTRY--TOPICAL TERM
Topical term or geographic name entry element Cuento
9 (RLIN) 3530
700 ## - ADDED ENTRY--PERSONAL NAME
Personal name González Romero, Luis Alberto,
Relator term traductor
9 (RLIN) 4932
942 ## - ADDED ENTRY ELEMENTS (KOHA)
Source of classification or shelving scheme Dewey Decimal Classification
Koha item type Books
Existencias
Withdrawn status Lost status Source of classification or shelving scheme Damaged status Not for loan Collection code Home library Current library Date acquired Total Checkouts Full call number Barcode Date last seen Date last checked out Copy number Koha item type
    Dewey Decimal Classification     Fiction Biblioteca Pública José María del Castillo y Rada Biblioteca Pública José María del Castillo y Rada 11/28/2019 7 C / STRt 201807349 07/18/2025 07/17/2025 Ej.1 Books